Lost Quotes II Quiz Stats

 Plays Quiz not verified by Sporcle

Score 0/25 Timer 05:00
0 Plays Today
Quote Character % Correct
WE HAVE TO GO BACK!!!Jack Shephard
98.7%
It's very stressful being an Other, Jack...Juliet Burke
88%
It's strange huh? Being back, not, looking for a way out of a cage. Not finding a reason to go running off into the jungle again; I almost don't know what to do with myself...Kate Austen
87%
Hmm. I have this dream. I'm driving a bus, and my teeth start falling out. My mum is in the back, eating biscuits. Everything smells of bacon. It's weird...Charlie Pace
85%
Destiny, John... is a fickle bitch...Benjamin Linus
81.6%
Peanut butter... *Why* do I remember peanut butter?Claire Littleton
81.5%
What's so incredible is that I just finnished the maze this morning, and I'm not gonna teach her how to run it until an hour from now...Daniel Faraday
77.8%
That island's mine Benjamin, it always was, it will be again...Charles Widmore
73.7%
Hate to break it to ya, but the ocean is not going to take your gold card...Boone Carlyle
72.1%
I can't believe I'm going to have my baby in a hospital! Sun Kwon
69.1%
One second. I'm like this close to the high score on Donkey Kong... James 'Sawyer' Ford
67.3%
We're not going to Guam, are we?Frank Lapidus
65.4%
PEE ON IT!Hugo 'Hurley' Reyes
64.3%
Quote Character % Correct
Daniel do you know what destiny means?Eloise Hawking
60.8%
No. I don't believe in miracles...John Locke
54.5%
So we saved the world together for a while, and that was lovely...Desmond Hume
53%
Next time we see each other, I'm not going to recognize you, alright?Richard Albert
52.8%
I sensed you might be our best hope in surviving here, but I don't forgive what you did, and I certainly don't trust you, and now you're going to take me to the hatch...Sayid Jarrah
52.6%
Sure I'm affected. She was hot and I dug her accent...Miles Straume
50.2%
Everything's going to change. Have a cluckity-cluck-cluck day, Hugo...Jin Kwon
42.4%
What’s a four letter word for I don’t care?Shannon Rutherford
41.9%
I did not ask for the life that I was given but it was given none the less, and with it I did my best...Mr. Eko
32.8%
Don't let the air conditioning fool you, son. You are here, too. You are suffering. But, don't beat yourself up about it. It's fate. Some people are just supposed to suffer...Christian Shephard
31.3%
I know more about ancient Carthage than Hannibal himselfCharlotte Lewis
27.7%
You can do what he asked, or you can go, leave us to discuss our... issues...Jacob
27.3%

You're not logged in!

Compare scores with friends on all Sporcle quizzes.
OR
Log In

You Might Also Like...

Show Comments

Extras

Created Jan 24, 2010ReportNominate
Tags:Quote Quiz, character, Lost (ABC)

Top Quizzes Today


Score Distribution

Your Account Isn't Verified!

In order to create a playlist on Sporcle, you need to verify the email address you used during registration. Go to your Sporcle Settings to finish the process.

Report this User

Report this user for behavior that violates our Community Guidelines.

Details: